Pío XII y Roosevelt (Record no. 120147)

MARC details
000 -LEADER
campo de control de longitud fija 01066nam a2200289 4500
001 - NÚMERO DE CONTROL
campo de control 120147
003 - IDENTIFICADOR DE NÚMERO DE CONTROL
campo de control ES-MaACL
005 - FECHA Y HORA DE LA ÚLTIMA TRANSACCIÓN
campo de control 20230906191456.0
007 - CAMPO FIJO DE DESCRIPCIÓN FÍSICA--INFORMACIÓN GENERAL
campo de control de longitud fija t|
008 - DATOS DE LONGITUD FIJA--INFORMACIÓN GENERAL
campo de control de longitud fija 070214s1948 sp r ||||1| spa d
100 0# - ENTRADA PRINCIPAL--NOMBRE DE PERSONA
Nombre de persona Pío
Numeración XII,
Títulos y otros términos asociados al nombre Papa.
9 (RLIN) 92302
245 10 - MENCIÓN DEL TÍTULO
Título Pío XII y Roosevelt
Resto del título : su correspondencia durante la guerra /
Mención de responsabilidad, etc. con introducción y notas explicativas por Myron C. Taylor ; [versión española de Santiago Magariños].
250 ## - MENCION DE EDICION
Mención de edición 1ª ed.
260 ## - PUBLICACIÓN, DISTRIBUCIÓN, ETC.
Lugar de publicación, distribución, etc. Madrid :
Nombre del editor, distribuidor, etc. Ediciones y Publicaciones Españolas,
Fecha de publicación, distribución, etc. 1948.
300 ## - DESCRIPCIÓN FÍSICA
Extensión 192 p., 2 lám. ;
Dimensiones 22 cm.
490 1# - MENCIÓN DE SERIE
Mención de serie Temas actuales
600 04 - PUNTO DE ACCESO ADICIONAL DE MATERIA--NOMBRE DE PERSONA
Nombre de persona Pío
Numeración XII,
Títulos y otros términos asociados al nombre Papa.
9 (RLIN) 92302
600 14 - PUNTO DE ACCESO ADICIONAL DE MATERIA--NOMBRE DE PERSONA
Nombre de persona Roosevelt, Franklin D.
9 (RLIN) 99530
610 24 - PUNTO DE ACCESO ADICIONAL DE MATERIA--NOMBRE DE ENTIDAD CORPORATIVA
Nombre de entidad corporativa o nombre de jurisdicción como elemento de entrada Iglesia Católica-
Subdivisión general Relaciones-
Subdivisión geográfica Estados Unidos.
9 (RLIN) 171907
651 #4 - PUNTO DE ACCESO ADICIONAL DE MATERIA--NOMBRE GEOGRÁFICO
Nombre geográfico Estados Unidos-
Subdivisión general Relaciones-
-- Iglesia Católica.
9 (RLIN) 171908
700 1# - ENTRADA AGREGADA--NOMBRE PERSONAL
Nombre de persona Roosevelt, Franklin D.
9 (RLIN) 99530
700 1# - ENTRADA AGREGADA--NOMBRE PERSONAL
Nombre de persona Taylor, Myron C.
9 (RLIN) 109464
700 1# - ENTRADA AGREGADA--NOMBRE PERSONAL
Nombre de persona Magariños, Santiago.
9 (RLIN) 75453
830 1# - PUNTO DE ACCESO ADICIONAL DE SERIE-TÍTULO UNIFORME
Título uniforme Temas actuales
9 (RLIN) 180872
852 ## - LOCALIZACIÓN
Ubicación ES-MaACL
Número de control de estantería C-5364
Holdings
Estatus retirado Estado de pérdida Estado de daño No para préstamo Biblioteca de origen Biblioteca actual Ubicación en estantería Fecha de adquisición Fuente de adquisición Total de préstamos Signatura topográfica completa Código de barras Visto por última vez Precio de reemplazo Tipo de ítem Koha
        Biblioteca del Ateneo de Madrid Biblioteca del Ateneo de Madrid Sala Palomar 17/01/2008     C-5364 1125236 23/02/2023 23/02/2023 Libro impreso